| 000 | 00000nam 2200000zi 4500 |
| 001 | 9.905552 |
| 003 | CaOODSP |
| 005 | 20240118152850 |
| 006 | m o d f |
| 007 | cr ||||||||||| |
| 008 | 211201t20222022onca ob f001 0 eng d |
| 020 | |a9780660411644 |
| 040 | |aCaOODSP|beng|erda|cCaOODSP |
| 043 | |an-cn---|aa-af--- |
| 086 | 1 |aD2-451/2022E-PDF |
| 100 | 1 |aMaloney, Sean M.|q(Sean Michael),|d1967- |eauthor. |
| 245 | 14|aThe Canadian Army in Afghanistan / |cSean M. Maloney. |
| 264 | 1|a[Ottawa] : |bNational Defence = Défense nationale, |c[2022] |
| 264 | 4|c©2022 |
| 300 | |a1 online resource (2 v.) : |billustrations |
| 336 | |atext|btxt|2rdacontent |
| 337 | |acomputer|bc|2rdamedia |
| 338 | |aonline resource|bcr|2rdacarrier |
| 500 | |aIssued also in French under title: L'Armée canadienne en Afghanistan. |
| 504 | |aIncludes bibliographical references. |
| 505 | 0 |av. I. A nation under fire, 2001-2006 -- v. II, pt. 1. Counter-insurgency in Kandahar -- v. II, pt. 2. Counter-insurgency in Kandahar. |
| 650 | 0|aAfghan War, 2001-|xParticipation, Canadian. |
| 651 | 0|aCanada|xArmed Forces|zAfghanistan. |
| 651 | 0|aCanada|xArmed Forces|zAfghanistan|zKandahār. |
| 710 | 1 |aCanada. |bDepartment of National Defence, |eissuing body. |
| 775 | 08|tL'Armée canadienne en Afghanistan / |w(CaOODSP)9.905554 |
| 776 | 0#|tThe Canadian Army in Afghanistan.|w(CaOODSP)9.905553 |
| 856 | 40|qPDF|s43.60 MB|uhttps://publications.gc.ca/collections/collection_2024/mdn-dnd/D2-451-2022-1-eng.pdf|zVolume I: A nation under fire |
| 856 | 40|qPDF|s64.87 MB|uhttps://publications.gc.ca/collections/collection_2024/mdn-dnd/D2-451-2022-2-1-eng.pdf|zVolume II, part 1: Counter-insurgency in Kandahar |
| 856 | 40|qPDF|s62.89 MB|uhttps://publications.gc.ca/collections/collection_2024/mdn-dnd/D2-451-2022-2-2-eng.pdf|zVolume II, part 2: Counter-insurgency in Kandahar |
| 986 | |aNDID—R-GJ-007-000/JD-001 |